Lanean...

Draavidam

Xehetasun bibliografikoak
Egile Nagusiak: Rajendran Nair, K P; Translator, Suneetikumar Chatterji; Author
Formatua: Printed Book
Argitaratua: Thiruvananthapuram, Kerala Bhasha Institute 2000
Edizioa:Ed.3
Gaiak:
LEADER 007330000a22002290004500
040 |a MAL 
082 |a 494.809 32P0 
100 |a Rajendran Nair, K P; Translator 
100 |a Suneetikumar Chatterji; Author 
240 |a Dravidian  |l ENG 
245 |a Draavidam 
250 |a Ed.3 
260 |a Thiruvananthapuram, Kerala Bhasha Institute 
260 |c 2000 
460 |a 106p 
465 |a Rs.30.00 
500 |a Includes index 
500 |a Suneetikumar Chatterji; tr by K P Rajendran Nair 
650 |a Criticism and interpretation 
650 |a Dravidian languages 
999 |c 36782  |d 36782 
952 |0 0  |1 0  |4 0  |6 494_809000000000000_32P0  |7 0  |8 MAL  |9 37241  |a MGUL  |b MGUL  |d 2013-07-16  |e Rs.30.00  |l 0  |o 494.809 32P0  |p G00936  |r 2013-07-16  |w 2013-07-16  |y BK